Komunikácia v marketingu
Saved in:
| Main Author: | |
|---|---|
| Corporate Author: | |
| Other Authors: | , |
| Format: | Book |
| Language: | Slovak |
| Published: |
Bratislava
Vydavateľstvo EKONÓM
2005
|
| Subjects: | |
| Tags: |
No Tags, Be the first to tag this record!
|
MARC
| LEADER | 00000nam$a2200000$$$4500 | ||
|---|---|---|---|
| 001 | 0038732 | ||
| 005 | 20240502071501.2 | ||
| 020 | |a 80-225-2097-7 | ||
| 041 | 0 | |a slo | |
| 044 | |a SK | ||
| 245 | 1 | 0 | |a Komunikácia v marketingu |c Miroslava Szarková a kolektív |
| 264 | 1 | |a Bratislava |b Vydavateľstvo EKONÓM |c 2005 | |
| 300 | |a 164 s. | ||
| 610 | 2 | 0 | |a marketing |
| 610 | 2 | 0 | |a komunikácia marketingová |
| 610 | 2 | 0 | |a správanie spotrebiteľa |
| 610 | 2 | 0 | |a nástroje marketingové |
| 610 | 2 | 0 | |a manažéri |
| 610 | 2 | 0 | |a podnik |
| 610 | 2 | 0 | |a imidž |
| 610 | 2 | 0 | |a reklama |
| 610 | 2 | 0 | |a aktivita spoločenská |
| 610 | 2 | 0 | |a rokovania obchodné |
| 610 | 2 | 0 | |a etiketa |
| 610 | 2 | 0 | |a lobizmus |
| 610 | 2 | 0 | |a komunikácia elektronická |
| 610 | 2 | 0 | |a komunikácia multikultúrna |
| 100 | 1 | |a Szarková, Miroslava, 1951- | |
| 700 | 1 | |a Volár, Jozef | |
| 700 | 1 | |a Juriková, Benita, 1973- | |
| 710 | 2 | |a Ekonomická univerzita v Bratislave. Fakulta podnikového manažmentu | |